Để học tập và làm theo tấm gương đạo đức Hồ Chí Minh

Sách viết các bài viết về tấm gương đạo đức Hồ Chí Minh cho mọi người có thể học tập và làm theo tấm gương của Hồ Chí Minh

Bewaard in:
Bibliografische gegevens
Hoofdauteur: Nguyễn, Thủy Trường
Formaat: Boek
Taal:Undetermined
Gepubliceerd in: Hà Nội Dân trí 2012
Onderwerpen:
Tags: Voeg label toe
Geen labels, Wees de eerste die dit record labelt!
Thư viện lưu trữ: Trung tâm Học liệu Trường Đại học Cần Thơ
LEADER 00922nam a2200205Ia 4500
001 CTU_180083
008 210402s9999 xx 000 0 und d
082 |a 335.4346 
082 |b Tr561 
100 |a Nguyễn, Thủy Trường 
245 0 |a Để học tập và làm theo tấm gương đạo đức Hồ Chí Minh 
245 0 |c Nguyễn Thủy Trường 
260 |a Hà Nội 
260 |b Dân trí 
260 |c 2012 
520 |a Sách viết các bài viết về tấm gương đạo đức Hồ Chí Minh cho mọi người có thể học tập và làm theo tấm gương của Hồ Chí Minh 
650 |a Communist ethics,Communist parties,Đạo đức cộng sản,Đảng cộng sản 
650 |z Vietnam,Vietnam,Việt Nam,Việt Nam 
904 |i Sony, Ngân 
980 |a Trung tâm Học liệu Trường Đại học Cần Thơ